Una revolución en el concepto físico del mundo
Guardat en:
| Autor principal: | |
|---|---|
| Format: | Llibre |
| Idioma: | espanyol |
| Publicat: |
Barcelona
Gustavo Gili
1944
|
| Matèries: | |
| Etiquetes: |
Afegir etiqueta
Sense etiquetes, Sigues el primer a etiquetar aquest registre!
|
MARC
| LEADER | 00000nam a2200000 a 4500 | ||
|---|---|---|---|
| 001 | UCT2189 | ||
| 003 | CL-VaPUC | ||
| 008 | 961011e19440000SP |||||||||||||||||spa|d | ||
| 082 | 0 | 4 | |a 530.01 |b ZIM |2 21 |
| 100 | 0 | |a Zimmer, Ernst |e author |9 371247 | |
| 245 | 1 | 4 | |a Una revolución en el concepto físico del mundo |
| 300 | |a 284 p | ||
| 942 | |c BK | ||
| 945 | |d 19961011 00:00:00 |a cmena | ||
| 260 | |a Barcelona |b Gustavo Gili |c 1944 | ||
| 650 | 0 | |a Física |9 227844 | |
| 650 | 0 | |a Matemática |9 260235 | |
| 650 | 0 | |a Teorías científicas |9 316549 | |
| 650 | 0 | |a partículas elementales |9 349874 | |
| 650 | 0 | |a Teoría cuántica |9 266148 | |
| 650 | 0 | |a Átomos |9 259583 | |
| 650 | 0 | |a Propagación de ondas |9 263256 | |
| 650 | 0 | |a Filosofía de la naturaleza |9 265899 | |
| 583 | |a last modification |c 19961011 00:00:00 |k Rodrigo Vera | ||
| 999 | |c 252412 |d 252410 | ||